00346nam a2200145Ia 4500008004100000020001800041041000800059082001200067100001400079245002800093260002800121300000900149500001700158650002500175220803s9999 xx 000 0 und d a3-8228-6390-4 aeng a729 JOD aJodidio P aBulding A New Millenium aNew YorkbTaschenc2000 a540p aArchitecture aArchitectural Design